02002nam a2200349Ia 4500001001200000003000800012006001900020007001500039008004100054040002100095035002000116050002400136082002000160111022900180245043200409260005500841300003200896500004000928533015200968650002101120650003401141650002401175655002901199700005301228710007301281710007201354710004001426710002601466710001701492856012601509999001701635ebr10072072CaPaEBRm u cr cn|||||||||050324s1994 dcuad s 100 0 eng d aCaPaEBRcCaPaEBR a(OCoLC)5859668614aHD9502b.P62 1991eb04a333.79094382222 aJoint Workshop of the U.S. National Academy of Sciences and the Polish Academy of Sciences on Strategies for Industrial Energy Efficiency and Conservation During the Transition to a Market Economyd(1991 :cWashington, D.C.)10aPoland's transition to a market economyh[electronic resource] :bprospects for energy efficiency and conservation /cproceedings of the Joint Workshop of the U.S. National Academy of Sciences and the Polish Academy of Science on Strategies for Industrial Energy Efficiency and Conservation During the Transition to a Market Economy, Committee on Energy Conservation, Office of International Affairs, National Research Council. aWashington, D.C. :bNational Academy Press,c1994. aix, 206 p. :bill., charts. aCommittee chair: Thomas E. Stelson. aElectronic reproduction.bPalo Alto, Calif. :cebrary,d2011.nAvailable via World Wide Web.nAccess may be limited to ebrary affiliated libraries. 0aPower resources. 0aElectric powerxConservation. 0aEnergy consumption. 7aElectronic books.2local1 aStelson, Thomas E.q(Thomas Eugene),d1928-2005.2 aNational Research Council (U.S.).bCommittee on Energy Conservation.2 aNational Research Council (U.S.).bOffice of International Affairs.2 aNational Academy of Sciences (U.S.)2 aPolska Akademia Nauk.2 aebrary, Inc.40uhttp://site.ebrary.com/lib/rucke/Doc?id=10072072zAn electronic book accessible through the World Wide Web; click to view c34083d34083